00562nam a2200205Ia 4500008004100000020001800041082002700059100004500086245006200131250001800193260002300211260002000234260000900254300001000263500000800273650001500281650003300296942001000329999001700339260428s9999 xx 000 0 und d a9789563271256 a342.024 N778b 2015 HNA aNogueira Alcalá, Humberto, coordinador 0aLas bases de la institucionalidad: realidad y desafíos. a1a. edición aCECOCH LIBROTECNIA bSantiago, Chile c2015 a331p. aHNA aChile9121 aDerecho Constitucional91698 clibro c20444d20444